000 00581nam a2200229Ia 4500
003 OSt
005 20220918194750.0
006 a|||||r|||| 00| 0
007 ta
008 220917b |||||||| |||| 00| 0 eng d
024 _a81,453
037 _cTextual
040 _aARTS
_cARTS
_beng
041 _2eng
_aeng
082 _aS:70Lz7, K4
100 _aAbrams Arnold ed
_986951
245 0 _aUnfinished taks in the behavioral sciences
260 _c1964
650 _aPSYCHOLOGY
942 _hS:70Lz7, K4
_cTEXL
_2CC
999 _c205175
_d205175